LEADER 01043nam a2200241 i 4500 001 000000244366 003 CaOOAMICUS 005 20150804000000.0 008 150804s1943 it u000 u ita u 013 $a223271 040 $aSeMil$bita 100 1 $aAnghileri, Giovanni,$c.$0(OLS)http://semarc/name/28444 245 13$aIl nostro sacerdozio :$bcolloqui coi Sacerdoti del '900 /$cSac. Giovanni Anghileri , oblato. 260 $aMilano :$bLibreria editrice arcivescovile G. Daverio,$c1943. 300 $a140 p. ;$c18 cm. 500 $aFondo card. Giovanni Colombo. 650 4$aSacerdozio - Meditazioni.$0(OLS)http://semarc/subject/3490 850 $aSeMil 852 $aSeMil$W1$xVenegono$y1$m3GC II 308$j194712$B194712$CSeMilBibl$Z2$F205227 $8B 941 1 $a3 961 $aLascito: Colombo Card. Giovanni 996 $6245$aIl nostro sacerdozio :$bcolloqui coi Sacerdoti del '900$9(OLS)http://semarc/title/346354 996 $6260$aMilano :$bLibreria editrice arcivescovile G. Daverio$9(OLS)http://semarc/publisher/48004 LEADER 00905nam a2200217 i 4500 001 000000198121 003 CaOOAMICUS 005 20110225000000.0 008 110225s1967 gw u000 u mul u 013 $a176809 040 $aSeMil$bita 245 10$aPars 4. 260 $aWiesbaden :$bFranz Steiner,$c1967. 300 $aXII, 246 p. ;$c25 cm. 490 0 $aVeröffentlichungen des Instituts für europäische Geschichte Mainz ;$v34 773 0 $tGabrielis Biel Canonis misse expositio.$dWiesbaden : Franz Steiner, 1963-1976.$g4$w()24231 830 0$aVeröffentlichungen des Instituts für europäische Geschichte Mainz ;$v34.$0(OLS)http://semarc/title/31058 850 $aSeMil 852 $aSeMil$W1$xVenegono$y1$m3K V 142$j148677$B148677$CSeMilBibl$Z2$F160068 $81 996 $6245$aPars 4$9(OLS)http://semarc/title/286200 996 $6260$aWiesbaden :$bFranz Steiner$9(OLS)http://semarc/publisher/35850 LEADER 01009nam a2200241 i 4500 001 000000199459 003 CaOOAMICUS 005 20140415000000.0 008 140415s1928 it u000 u ita u 013 $a178150 040 $aSeMil$bita 100 1 $aRota, Carlo Massimo.$0(OLS)http://semarc/name/21021 245 13$aLa villeggiatura di S. Agostino a Cassiciaco /$cCarlo Massimo Rota. 260 $aVarese :$bTipografia Arc. dell'Addolorata,$c1928. 300 $a92 p. ;$c22 cm. 500 $aCon dedica autografa dell'Autore. - Fondo card. Giovanni Colombo. 600 04$aAgostino, Aurelio .$0(OLS)http://semarc/subject/1856 850 $aSeMil 852 $aSeMil$W1$xVenegono$y1$m3GC III 46$j150012$B150012$CSeMilBibl$Z2$F161367 $8B 941 1 $a3 961 $aLascito: Colombo Card. Giovanni 996 $6245$aLa villeggiatura di S. Agostino a Cassiciaco$9(OLS)http://semarc/title/269299 996 $6260$aVarese :$bTipografia Arc. dell'Addolorata$9(OLS)http://semarc/publisher/40704